000 00993nam a2200289 i 4500
003 EG-GICUC
005 20260422102432.0
008 260422b1960 fr ||||fr|||| 000 0 eng d
040 _aEG-GiCUC
_bfre
_cEG-GiCUC
_dEG-GiCUC
_eRda
041 0 _afre
082 0 4 _221
_a343
_bSO . A
092 0 4 _221
099 _aLaw1 10 343 SO . A 1960
110 _kSociété Internationale de Droit pénal militaire et de Droit de la Guerre
245 1 0 _aAction Penale Et Action Disciplinaire:
_cSociété Internationale de Droit pénal militaire et de Droit de la Guerre.
264 1 _aBruxelles:
_bStrasbourg,
_c1960.
300 _a224 page :
_billustration ;
_c 24 cm.
336 _2rda contenu
_a texte
337 _2rda medias
_aOrdinateur
338 _2 transporteur rda
_a Ressource en ligne
546 _aTexte en français
650 1 _aDroit pénal
_2qrmak
651 1 _2qrmak
856 4 0 _uhttps://fll.law.cu.edu.eg/fulltext/bks/B10-10848.pdf
905 _a158
942 _2ddc
_n0
_cBK
_e21
999 _c72792
_d72792